| 000 | 00000nam##2200000za#4500 |
| 001 | 9.603140 |
| 003 | CaOODSP |
| 005 | 20210624210925 |
| 007 | cr ||||||||||| |
| 008 | 150406|1997||||xxc|||||o f|0| 0 fre|d |
| 040 | |aCaOODSP|bfre |
| 043 | |an-cn--- |
| 086 | 1 |aSC94-62/19-1997F-PDF |
| 110 | 1 |aCanada.|bCentre canadien de gestion. |
| 245 | 10|aGuide de consultation du public : |h[ressource électronique]|bmodifier les rapports entre le gouvernement et les canadiens / |c[par] Peter Sterne avec Sandra Zagon. |
| 260 | |aOttawa - Ontario : |bCentre canadien de gestion |cMai 1997. |
| 300 | |a116p.|bfigures |
| 490 | 1 |aLes pratiques de gestion|vN° 19 |
| 500 | |aLe n° de catalogue (SC94-62/19-1997F) et l'ISBN (O-662-81764-8) de l'édition imprimée ont été incorrectement copiés dans cette édition électronique. |
| 504 | |aBibliographie. |
| 590 | |a12-09-Supp|b2012-03-21 |
| 691 | 07|aPolitique gouvernementale|2gcpds |
| 720 | 1 |aSterne, Peter |
| 720 | 1 |aZagon, Sandra |
| 775 | 08|tPublic consultation guide : |w(CaOODSP)9.572893 |
| 776 | 0#|tGuide de consultation du public : |w(CaOODSP)9.624189 |
| 830 | #0|aLes pratiques de gestion ;|vN° 19|w(CaOODSP)9.503178 |
| 856 | 40|ahttp://publications.gc.ca|qPDF|s3.31 Mo|uhttps://publications.gc.ca/collections/Collection/SC94-62-19-1997F.pdf|yN° 19 |